क्र लेंगें सब हजम / (Record no. 112434)

MARC details
000 -LEADER
fixed length control field 01061nam a22002537a 4500
005 - DATE AND TIME OF LATEST TRANSACTION
control field 20170124102938.0
010 ## - LIBRARY OF CONGRESS CONTROL NUMBER
LC control number B-241221
020 ## - INTERNATIONAL STANDARD BOOK NUMBER
Terms of availability 200.00
International Standard Book Number 818845737
035 ## - SYSTEM CONTROL NUMBER
System control number B-241221
037 ## - SOURCE OF ACQUISITION
Source of stock number/acquisition Cen Lib/Ret
040 ## - CATALOGING SOURCE
Original cataloging agency DPL
Language of cataloging HN
082 ## - DEWEY DECIMAL CLASSIFICATION NUMBER
Classification number 827
Item number गर्गमु
100 ## - MAIN ENTRY--PERSONAL NAME
Personal name गर्ग, मुदुला
9 (RLIN) 210
245 ## - TITLE STATEMENT
Title क्र लेंगें सब हजम /
Statement of responsibility, etc मुदुला गर्ग
246 ## - VARYING FORM OF TITLE
Title proper/short title Kar lenge sb hazam /
Remainder of title by Mudula Garg
260 ## - PUBLICATION, DISTRIBUTION, ETC. (IMPRINT)
Place of publication, distribution, etc नई दिल्ली
Name of publisher, distributor, etc कल्याण शिक्षा परिषद
Date of publication, distribution, etc 2007
270 ## - ADDRESS
City नई दिल्ली
Address 3320-21, जटवाडा, दरियागंज
Postal code 110002
300 ## - PHYSICAL DESCRIPTION
Extent 207पृ.
Dimensions 20सेमी(सजिल्द)
650 ## - SUBJECT ADDED ENTRY--TOPICAL TERM
Topical term or geographic name as entry element हिन्दी साहित्य
9 (RLIN) 47434
650 ## - SUBJECT ADDED ENTRY--TOPICAL TERM
Topical term or geographic name as entry element हिन्दी साहित्य -- कहानियां
9 (RLIN) 47435
650 ## - SUBJECT ADDED ENTRY--TOPICAL TERM
Topical term or geographic name as entry element Hindi literature
9 (RLIN) 47436
650 ## - SUBJECT ADDED ENTRY--TOPICAL TERM
Topical term or geographic name as entry element Hindi literature -- Stories
9 (RLIN) 47437
942 ## - ADDED ENTRY ELEMENTS (KOHA)
Source of classification or shelving scheme Dewey Decimal Classification
Koha item type Hindi Books
Classification part 827
Call number suffix गर्गमु
Holdings
Withdrawn status Lost status Damaged status Not for loan Home library Current library Date acquired Source of acquisition Cost, normal purchase price Total Checkouts Full call number Barcode Date last seen Copy number Cost, replacement price Price effective from Koha item type
        Central Library Central Library 08/08/2015 Cen Lib/Ret 200.00   827 गर्गमु B-241221 08/08/2015 1 200.00 08/08/2015 Hindi Books

© Delhi Public Library
Hit Counter
free hit counter